书目信息 |
| 题名: |
自动微分方法与最优化
|
|
| 作者: | 张海斌 , 高欢 著 | |
| 分册: | ||
| 出版信息: | 北京 科学出版社 2016.01 |
|
| 页数: | 132页 | |
| 开本: | 24cm | |
| 丛书名: | ||
| 单 册: | ||
| 中图分类: | O172.1 , O242.23 | |
| 科图分类: | ||
| 主题词: | 微分--最优化算法--研究 | |
| 电子资源: | ||
| ISBN: | 978-7-03-047101-7 | |
| 000 | 00960nam0 2200265 450 | |
| 001 | 2101 | |
| 001 | 01CN12112692@CSLN | |
| 005 | 20161205095815.18 | |
| 010 | @a978-7-03-047101-7@dCNY58.00 | |
| 100 | @a20160228d2016 em y0chiy50 ea | |
| 101 | 0 | @achi |
| 102 | @aCN@b110000 | |
| 105 | @aa z 000yy | |
| 200 | 1 | @a自动微分方法与最优化@9zi dong wei fen fang fa yu zui you hua@f张海斌,高欢著 |
| 210 | @a北京@c科学出版社@d2016.01 | |
| 215 | @a132页@c图@d24cm | |
| 330 | @a本书系统地介绍了自动微分的理论基础,基本模式即正向模式和逆向模式,计算复杂性分析,相关算法的设计及实现,以及自动微分在最优化算法如牛顿类方法、哈雷类方法等中的应用。 | |
| 333 | @a理工科研究生和从事计算的青年学者及科学和工程研究的人员 | |
| 606 | 0 | @a微分@x最优化算法@x研究 |
| 690 | @aO172.1@v4 | |
| 690 | @aO242.23@v4 | |
| 701 | 0 | @a张海斌@9zhang hai bin@4著 |
| 701 | 0 | @a高欢@9gao huan@4著 |
| 801 | 0 | @aCN@b大连网信软件有限公司图书馆·11@c20161205 |
| 905 | @aZUCC@dO172.1@e128 | |
| 自动微分方法与最优化/张海斌,高欢著.-北京:科学出版社,2016.01 |
| 132页:图;24cm |
| 使用对象:理工科研究生和从事计算的青年学者及科学和工程研究的人员 |
| ISBN 978-7-03-047101-7:CNY58.00 |
| 本书系统地介绍了自动微分的理论基础,基本模式即正向模式和逆向模式,计算复杂性分析,相关算法的设计及实现,以及自动微分在最优化算法如牛顿类方法、哈雷类方法等中的应用。 |
| ● |
| 相关链接 |
|
|
|
|
正题名:自动微分方法与最优化
索取号:O172.1/128
 
预约/预借
| 序号 | 登录号 | 条形码 | 馆藏地/架位号 | 状态 | 备注 |
| 1 | 910411 | 209104119 | 第二样本阅览室/ [索取号:O172.1/128] | 在馆 | |
| 2 | 910412 | 209104128 | 第三借阅区/ [索取号:O172.1/128] | 在馆 | |
| 3 | 910413 | 209104137 | 第三借阅区/ [索取号:O172.1/128] | 在馆 | |
| 4 | 910414 | 209104146 | 第三借阅区/ [索取号:O172.1/128] | 在馆 | |
| 5 | 910415 | 209104155 | 第三借阅区/ [索取号:O172.1/128] | 在馆 |